Country Flags Featuring Animals - Statistics

General Stats
  • This quiz has been taken 16 times
  • The average score is 9 of 22
Answer Stats
Answer % Correct
Mexico
86%
Uganda
79%
Albania
57%
Bhutan
57%
Ecuador
50%
Guatemala
50%
Sri Lanka
50%
Zambia
50%
Zimbabwe
50%
Dominica
43%
Fiji
43%
Papua New Guinea
43%
Spain
43%
Egypt
36%
Kazakhstan
36%
Kiribati
36%
Serbia
29%
Andorra
21%
Malta
21%
Moldova
21%
Montenegro
21%
Croatia
14%
No matching quizzes found
Score Distribution
Percent of People with Each Score
Percentile by Number Answered
Your Score History
You have not taken this quiz